La Revolución Mexicana vista por José Guadalupe Posada (Record no. 2525)

MARC details
000 -CABECERA
campo de control de longitud fija 00798nam a2200229 a 4500
001 - NÚMERO DE CONTROL
campo de control BRCA_2785
005 - FECHA Y HORA DE LA ÚLTIMA TRANSACCIÓN
campo de control 20190320203952.0
008 - DATOS DE LONGITUD FIJA--INFORMACIÓN GENERAL
campo de control de longitud fija 081208s1960----mx-a---###---#000-0#spa-u
050 #4 - SIGNATURA TOPOGRÁFICA DE LA BIBLIOTECA DEL CONGRESO
Número de clasificación NE546.P6
Número de documento/Ítem .P67 1960
100 1# - ENTRADA PRINCIPAL--NOMBRE DE PERSONA
Nombre de persona Posada, José Guadalupe
Fechas asociadas al nombre 1851-1913
9 (RLIN) 7827
245 10 - MENCIÓN DE TÍTULO
Título La Revolución Mexicana vista por José Guadalupe Posada
Mención de responsabilidad, etc. recopilación y presentación de Jaled Muyaes.
260 ## - PUBLICACIÓN, DISTRIBUCIÓN, ETC.
Lugar de publicación, distribución, etc. México
Nombre del editor, distribuidor, etc. Talleres Policromía
Fecha de publicación, distribución, etc. 1960
300 ## - DESCRIPCIÓN FÍSICA
Extensión 1 v. (sin paginación)
Otras características físicas il., 62 láminas
Dimensiones 32 cm.
500 ## - NOTA GENERAL
Nota general Ejemplar numerado 890 de 1,500.
500 ## - NOTA GENERAL
Nota general Material presentado tipo folder con hojas sueltas marquilladas.
500 ## - NOTA GENERAL
Nota general AA94
650 14 - PUNTO DE ACCESO ADICIONAL DE MATERIA--TÉRMINO DE MATERIA
Término de materia o nombre geográfico como elemento de entrada Grabadores mexicanos
9 (RLIN) 7389
651 #4 - PUNTO DE ACCESO ADICIONAL DE MATERIA--NOMBRE GEOGRÁFICO
Nombre geográfico México
Subdivisión general Historia
9 (RLIN) 614
700 1# - PUNTO DE ACCESO ADICIONAL--NOMBRE DE PERSONA
Nombre de persona Muyaes, Jaled
9 (RLIN) 7828
902 ## - CATALOGADOR
Iniciales GFM
942 ## - ELEMENTOS DE PUNTO DE ACCESO ADICIONAL (KOHA)
Fuente del sistema de clasificación o colocación Library of Congress Classification
Tipo de ítem Koha Libros
Holdings
Estado de retiro Estado de pérdida Estado dañado No para préstamo Localización permanente Ubicación/localización actual Fecha de adquisición Número de inventario Total de préstamos Signatura topográfica completa Código de barras Fecha visto por última vez Precio válido a partir de Tipo de ítem Koha
El ejemplar forma parte de la colección y puede ser consultado según las políticas vigentes.       Biblioteca del Museo Franz Mayer (Rogerio Casas-Alatriste) Biblioteca del Museo Franz Mayer (Rogerio Casas-Alatriste) 08/12/2008 AA94   NE546.P6 .P67 1960 (AA94) 2782 22/03/2019 22/03/2019 Libros